000 00608cam a2200193 4500
001 D6165
008 090401t1980 xxu||||| |||| 00| 0 eng d
035 _a(Sirsi) u88190
041 _aeng
050 _a692.8
110 _aJoint Contracts Tribunal
_93664
245 _aJCT guide to the Standard Form of Building Contract 1980 edition, and to the JCT Nominated Sub-Contract documents
260 _aLondon
_bRIBA for the JCT
_c1980
300 _a253p. 30cm
350 _a13.5
520 _aFiled in box JCT 1980/1 ABCD A - Archives, B - Reference, CD - Loan ; 692.9
942 _n0
948 _c04/03/1997
999 _c97297
_d97297